| 000 | 00879cam a2200265 4500 | ||
|---|---|---|---|
| 001 | 25742 | ||
| 003 | BD-RjUL | ||
| 005 | 20211209050924.0 | ||
| 008 | 160528t19711970ii b 001 0 eng | ||
| 035 | _a(BD-RjUL)25812 | ||
| 040 |
_aDLC _cDLC _dDLC _dBD-RjUL _beng |
||
| 041 | _aeng | ||
| 082 | 0 | 0 |
_a954.0313 _bBAB 1971 _223 |
| 100 | 1 |
_aBakshi, S. R. _q(Shiri Ram), _d1935- _979071 |
|
| 245 | 1 | 0 |
_aBritish diplomacy and administration in India, 1807-13 / _cby S. R. Bakshi. |
| 260 |
_aNew Delhi : _bMunshiram Manoharlal, _c 1971 |
||
| 300 |
_aix, 228 p. ; _c23 cm. |
||
| 350 | _aRs28.00 | ||
| 504 | _aIncludes Bibliography: p. 213-219 and index. | ||
| 600 | 1 | 0 |
_aMinto, Gilbert Elliot, _cEarl of, _d1751-1814. _9218837 |
| 610 | 2 | 0 |
_aEast India Company. _9218838 |
| 651 | 0 |
_aIndia _xHistory _yBritish occupation, 1765-1947. _979073 |
|
| 942 |
_2ddc _cBK |
||
| 999 |
_c25742 _d25742 |
||